载入...

Blueprints: Notes & cases biochemistry genetics,and embryology

书目详细资料
主要作者: Vargas, Juan E et al
格式: Printed Book
语言:Undetermined
English
出版: USA Blackwell publishing 2004
主题:
LEADER 00665nam a2200205Ia 4500
008 140306s9999 xx 000 0 und d
020 |a 1405127252 
041 |a eng 
082 |a 574.192  |b VAR/BI 
100 |a Vargas, Juan E et al 
245 |a Blueprints: Notes & cases biochemistry genetics,and embryology 
260 |a USA  |b Blackwell publishing  |c 2004 
300 |a 166 
365 |b RS.425/- 
650 |a Biochemistry 
650 |a Embryology 
650 |a Genetics 
942 |2 ddc  |c BK 
999 |c 123001  |d 123001 
952 |0 0  |1 0  |2 ddc  |4 0  |6 574_192000000000000_VARBI  |7 0  |9 122647  |a KAUHCV  |b KAUHCV  |d 2012-09-04  |g 425.00  |o 574.192 VAR/BI  |p KAU_HCV-29888  |r 2014-03-22  |w 2014-03-22  |y BK